[Event "Scarborough CC Frost U1800"]
[Site "Toronto"]
[Date "2012.01.19"]
[Round "3"]
[White "Kurkowski, Ken"]
[Black "Termeer, Ted"]
[Result "1/2-1/2"]
[WhiteElo "1604"]
[BlackElo "1376"]
[PlyCount "84"]
[EventDate "2012.01.05"]
[EventType "swiss"]
[EventRounds "6"]
[EventCountry "CAN"]
[SourceTitle "EXT 2022"]
[Source "ChessBase"]
[SourceDate "2021.10.06"]
[SourceVersion "1"]
[SourceVersionDate "2021.10.06"]
[SourceQuality "1"]

1. d4 Nf6 2. c4 e6 3. Nf3 Be7 4. Nc3 d5 5. e3 0-0 6. b3 b6 7. Bb2 Ba6 8. Bd3 Bb4 9. Qc2 dxc4 10. bxc4 Bb7 11. e4 g6 12. 0-0 Nc6 13. d5 exd5 14. exd5 Nb8 15. a3 Be7 16. Rfe1 Nbd7 17. Ne4 Nxe4 18. Bxe4 Bf6 19. Rad1 Bxb2 20. Qxb2 Nf6 21. Bc2 Qd6 22. Re3 Rfe8 23. Rde1 Rxe3 24. Rxe3 Ba6 25. Qc3 Nd7 26. Ng5 h6 27. Rh3 Qf6 28. Qxf6 Nxf6 29. Ne4 Nxe4 30. Bxe4 Re8 31. f3 Bxc4 32. Rxh6 Kg7 33. Rh4 f5 34. Bxf5 Bxd5 35. Rg4 Bf7 36. Be4 c5 37. Bc6 Re3 38. a4 c4 39. Kf2 Ra3 40. Re4 c3 41. Re1 Bb3 42. Rc1 c2 1/2-1/2

[Event "Scarborough CC Howard Ridout U1800"]
[Site "Toronto"]
[Date "2011.10.27"]
[Round "6"]
[White "Kurkowski, Ken"]
[Black "Termeer, Ted"]
[Result "1-0"]
[WhiteElo "1601"]
[BlackElo "1387"]
[PlyCount "61"]
[EventDate "2011.09.08"]
[EventType "swiss"]
[EventRounds "6"]
[EventCountry "CAN"]
[SourceTitle "EXT 2022"]
[Source "ChessBase"]
[SourceDate "2021.10.06"]
[SourceVersion "1"]
[SourceVersionDate "2021.10.06"]
[SourceQuality "1"]

1. d4 d5 2. c4 dxc4 3. Nf3 Nc6 4. e3 Bf5 5. Bxc4 e6 6. 0-0 Bd6 7. Nc3 a6 8. Re1 Nf6 9. e4 Bg4 10. e5 Bxe5 11. dxe5 Qxd1 12. Nxd1 Nd7 13. Bf4 0-0-0 14. Rc1 h6 15. Bxa6 Bxf3 16. gxf3 Nd4 17. Be2 g5 18. Bg3 h5 19. h3 Rdg8 20. Rc4 c5 21. Ne3 Kd8 22. Ra4 Kc7 23. Nc4 Nb6 24. Nxb6 Kxb6 25. Kf1 Rd8 26. Rc1 Rd7 27. b4 cxb4 28. Rxb4+ Ka7 29. Ra4+ Kb8 30. Rc3 Rhd8 31. Rca3 1-0

[Event "Scarborough CC Spring Into Summer U1700"]
[Site "Toronto"]
[Date "2011.05.12"]
[Round "2"]
[White "Termeer, Ted"]
[Black "Smith, Maurice"]
[Result "0-1"]
[WhiteElo "1404"]
[BlackElo "1577"]
[PlyCount "138"]
[EventDate "2011.04.28"]
[EventType "swiss"]
[EventRounds "9"]
[EventCountry "CAN"]
[SourceTitle "EXT 2022"]
[Source "ChessBase"]
[SourceDate "2021.10.06"]
[SourceVersion "1"]
[SourceVersionDate "2021.10.06"]
[SourceQuality "1"]

1. Nf3 d5 2. d4 c5 3. e3 Nf6 4. Be2 Nc6 5. 0-0 e6 6. Nc3 Bd7 7. b3 Rc8 8. Na4 cxd4 9. exd4 Bd6 10. Bd3 0-0 11. Be3 Nb4 12. a3 Nxd3 13. cxd3 Bxa4 14. bxa4 b6 15. Qb3 Qd7 16. Rac1 Rxc1 17. Rxc1 Rc8 18. g3 Rxc1+ 19. Bxc1 Qc7 20. Bd2 Nd7 21. Bb4 Nb8 22. Kg2 f6 23. Bd2 Nc6 24. Bc3 Qe7 25. Bb2 Kf7 26. Nd2 Qc7 27. Bc3 Ne7 28. Bb4 Nf5 29. Nf3 Qc6 30. Bc3 Qe8 31. Bb4 Qe7 32. Qc3 Qc7 33. Qb3 Bxb4 34. axb4 Qc6 35. b5 Qc1 36. h3 Qc7 37. Kh2 h5 38. Kg2 g5 39. g4 hxg4 40. hxg4 Nh6 41. Nh2 Qf4 42. Qc3 Nxg4 43. Nxg4 Qxg4+ 44. Kf1 Qd1+ 45. Kg2 Qxa4 46. Qc7+ Kg6 47. Qc6 Qxd4 48. Qxe6 Qe5 49. Qg8+ Kf5 50. Qh7+ Kf4 51. Qh2+ Kf5 52. Qh3+ Kg6 53. Qh8 Qe6 54. Qb8 Qg4+ 55. Kf1 Qf4 56. Qg8+ Kh5 57. Qxd5 Qc1+ 58. Kg2 Qc7 59. f3 Qc2+ 60. Kg3 Qc7+ 61. Kf2 Qc5+ 62. Qxc5 bxc5 63. Kg3 f5 64. Kh3 f4 65. Kg2 g4 66. fxg4+ Kxg4 67. Kf2 f3 68. Kg1 Kg3 69. Kf1 f2 0-1

[Event "Scarborough CC-ch Reserves U1700"]
[Site "Toronto"]
[Date "2011.03.03"]
[Round "2"]
[White "Termeer, Ted"]
[Black "Aghamalian, Leonid"]
[Result "1-0"]
[WhiteElo "1425"]
[BlackElo "1520"]
[PlyCount "55"]
[EventDate "2011.02.24"]
[EventType "swiss"]
[EventRounds "9"]
[EventCountry "CAN"]
[SourceTitle "EXT 2022"]
[Source "ChessBase"]
[SourceDate "2021.10.06"]
[SourceVersion "1"]
[SourceVersionDate "2021.10.06"]
[SourceQuality "1"]

1. Nf3 d5 2. d4 Bf5 3. Bf4 Nc6 4. a3 Nf6 5. h3 e6 6. Nc3 a6 7. e3 Bd6 8. Bg5 h6 9. Bxf6 Qxf6 10. Bd3 0-0-0 11. Qe2 Bxd3 12. cxd3 Rde8 13. b4 Na7 14. Qb2 Qg6 15. Ke2 Rhg8 16. b5 a5 17. b6 Nc6 18. bxc7 Bxc7 19. Rab1 Nd8 20. Nb5 Re7 21. Rhc1 Kb8 22. Nxc7 Rxc7 23. Rxc7 Kxc7 24. Qb6+ Kb8 25. Ne5 Qg5 26. Nc6+ Kc8 27. Nxd8 Qe7 28. Rc1+ 1-0

[Event "Scarborough CC LH Summer U1700"]
[Site "Toronto"]
[Date "2010.06.03"]
[Round "5"]
[White "Termeer, Ted"]
[Black "Rogers, Michael"]
[Result "1/2-1/2"]
[WhiteElo "1530"]
[BlackElo "1536"]
[PlyCount "67"]
[EventDate "2010.04.29"]
[EventType "swiss"]
[EventRounds "8"]
[EventCountry "CAN"]
[SourceTitle "EXT 2022"]
[Source "ChessBase"]
[SourceDate "2021.10.06"]
[SourceVersion "1"]
[SourceVersionDate "2021.10.06"]
[SourceQuality "1"]

1. Nf3 f5 2. d4 Nf6 3. c4 g6 4. Nc3 d6 5. e3 Bg7 6. Bd3 0-0 7. Bd2 Na6 8. 0-0 c6 9. c5 b5 10. cxb6 axb6 11. Bc4+ e6 12. Qb3 d5 13. Be2 b5 14. Ne5 Bd7 15. Rfc1 Qe8 16. f4 Ne4 17. Nxe4 fxe4 18. Nxd7 Qxd7 19. Bb4 Nxb4 20. Qxb4 Rac8 21. Qe1 Qe7 22. Rc5 e5 23. fxe5 Bxe5 24. Rac1 Bd6 25. Rxc6 Rxc6 26. Rxc6 Qf6 27. Bxb5 Rb8 28. a4 Rf8 29. Qe2 Qe7 30. Qc2 Bxh2+ 31. Kxh2 Qh4+ 32. Kg1 Qe1+ 33. Kh2 Qh4+ 34. Kg1 1/2-1/2

[Event "Scarborough CC-ch Reserves U1700"]
[Site "Toronto"]
[Date "2010.04.15"]
[Round "8"]
[White "Termeer, Ted"]
[Black "Yie, Kevin Yi Xiao"]
[Result "1-0"]
[WhiteElo "1548"]
[BlackElo "1176"]
[PlyCount "61"]
[EventDate "2010.02.25"]
[EventType "swiss"]
[EventRounds "9"]
[EventCountry "CAN"]
[SourceTitle "EXT 2022"]
[Source "ChessBase"]
[SourceDate "2021.10.06"]
[SourceVersion "1"]
[SourceVersionDate "2021.10.06"]
[SourceQuality "1"]

1. d4 Nf6 2. c4 c5 3. Nf3 e6 4. e3 d6 5. Nc3 Nc6 6. Be2 g6 7. 0-0 Bg7 8. d5 exd5 9. cxd5 Ne7 10. e4 0-0 11. Rb1 Ng4 12. h3 Ne5 13. Bf4 Nxf3+ 14. Bxf3 f5 15. Bh2 fxe4 16. Nxe4 Be5 17. Bxe5 dxe5 18. Nxc5 Qa5 19. Ne6 Bxe6 20. dxe6 Rad8 21. Qb3 b6 22. Rfd1 Rxd1+ 23. Rxd1 Kh8 24. Qc3 Qb5 25. Rd7 Nc6 26. Bxc6 Qe2 27. Bf3 Qb5 28. a4 Qxa4 29. Qxe5+ Rf6 30. Qxf6+ Kg8 31. Qg7# 1-0

[Event "Scarborough CC Falling Leaves U1700"]
[Site "Toronto"]
[Date "2009.12.10"]
[Round "6"]
[White "Super, Russell"]
[Black "Termeer, Ted"]
[Result "0-1"]
[WhiteElo "1530"]
[BlackElo "1430"]
[PlyCount "98"]
[EventDate "2009.11.05"]
[EventType "swiss"]
[EventRounds "7"]
[EventCountry "CAN"]
[SourceTitle "EXT 2011"]
[Source "ChessBase"]
[SourceDate "2010.11.26"]
[SourceVersion "1"]
[SourceVersionDate "2010.11.26"]
[SourceQuality "1"]

1. e4 e5 2. Nf3 d6 3. d4 exd4 4. Nxd4 Nf6 5. Nc3 a6 6. Be2 Be7 7. 0-0 0-0 8. f4 c5 9. Nf3 b5 10. e5 Ne8 11. Be3 Bb7 12. Nd5 Nc6 13. Nxe7+ Qxe7 14. Qd2 dxe5 15. Bf2 Rd8 16. Qe3 e4 17. Ne1 Nd4 18. c3 Nxe2+ 19. Qxe2 f5 20. Nc2 Nf6 21. Ne3 g6 22. Rad1 Rxd1 23. Rxd1 c4 24. Rd4 Rd8 25. Qd1 Rxd4 26. Qxd4 Nd7 27. Nc2 Nf8 28. Qd2 Qd7 29. Qxd7 Nxd7 30. Kf1 Kf7 31. Ke2 Nf6 32. h3 Nd5 33. Be3 Nxe3 34. Kxe3 Kf6 35. Kd4 h6 36. h4 g5 37. g3 gxh4 38. gxh4 Kg6 39. Ke5 Bc8 40. Ne3 Kh5 41. Kf6 Kxh4 42. Kg6 Kg3 43. Nd5 Be6 44. Ne3 Kxf4 45. Nc2 Ke5 46. Kxh6 f4 47. Kh5 e3 48. Kh4 Ke4 49. Ne1 e2 0-1

[Event "Scarborough CC Falling Leaves U1700"]
[Site "Toronto"]
[Date "2009.12.03"]
[Round "5"]
[White "Luo, Yutong"]
[Black "Termeer, Ted"]
[Result "1-0"]
[WhiteElo "1454"]
[BlackElo "1430"]
[PlyCount "59"]
[EventDate "2009.11.05"]
[EventType "swiss"]
[EventRounds "7"]
[EventCountry "CAN"]
[SourceTitle "EXT 2011"]
[Source "ChessBase"]
[SourceDate "2010.11.26"]
[SourceVersion "1"]
[SourceVersionDate "2010.11.26"]
[SourceQuality "1"]

1. e4 c5 2. Nf3 d6 3. Bb5+ Bd7 4. Bxd7+ Qxd7 5. 0-0 Nc6 6. Nc3 e5 7. d3 h6 8. Be3 Nf6 9. h3 g5 10. Nh2 0-0-0 11. Nd5 Be7 12. a3 Rdg8 13. Nxf6 Bxf6 14. b4 b6 15. bxc5 dxc5 16. a4 a5 17. Qb1 Bd8 18. Qb5 Nd4 19. Qc4 h5 20. Bxd4 exd4 21. Nf3 Bc7 22. Qa6+ Kd8 23. Nd2 h4 24. Nc4 g4 25. Nxb6 Qd6 26. Qc8+ Ke7 27. Nd5+ Qxd5 28. Qxc7+ Qd7 29. Qxc5+ Ke8 30. Qe5+ 1-0

[Event "Scarborough CC Falling Leaves U1700"]
[Site "Toronto"]
[Date "2009.11.19"]
[Round "3"]
[White "Dattani, Dinesh"]
[Black "Termeer, Ted"]
[Result "0-1"]
[WhiteElo "1365"]
[BlackElo "1430"]
[PlyCount "88"]
[EventDate "2009.11.05"]
[EventType "swiss"]
[EventRounds "7"]
[EventCountry "CAN"]
[SourceTitle "EXT 2011"]
[Source "ChessBase"]
[SourceDate "2010.11.26"]
[SourceVersion "1"]
[SourceVersionDate "2010.11.26"]
[SourceQuality "1"]

1. e4 e5 2. Nf3 d6 3. d4 exd4 4. Nxd4 Be7 5. Nc3 Nf6 6. Bc4 a6 7. a4 b6 8. 0-0 Bb7 9. Re1 0-0 10. e5 dxe5 11. Rxe5 Bd6 12. Re1 Bc5 13. Nf5 Qxd1 14. Rxd1 Nc6 15. Bg5 Ng4 16. Bh4 Nge5 17. Ne4 Nxc4 18. Nxc5 bxc5 19. Rd7 Rac8 20. Rd5 Nd6 21. Nxd6 cxd6 22. Rxd6 Nd4 23. Rb6 Rc7 24. Bg3 Ne2+ 25. Kf1 Nxg3+ 26. hxg3 Rd8 27. Re1 Kf8 28. f3 Rd4 29. Re3 Rb4 30. Rd6 g6 31. b3 Rd4 32. Rd3 Rxd3 33. Rxd3 c4 34. Rc3 Bd5 35. b4 Rb7 36. b5 axb5 37. axb5 Rxb5 38. Ke2 Be6 39. Ke3 Ke7 40. Kd4 Rb1 41. f4 f5 42. Ra3 h5 43. Ra7+ Kf6 44. Ra8 Rg1 0-1

[Event "Toronto-ch Seniors"]
[Site "Toronto"]
[Date "2009.11.10"]
[Round "5"]
[White "Bellomo, Joe"]
[Black "Termeer, Ted"]
[Result "1-0"]
[WhiteElo "1728"]
[BlackElo "1464"]
[PlyCount "105"]
[EventDate "2009.10.13"]
[EventType "tourn"]
[EventRounds "7"]
[EventCountry "CAN"]
[SourceTitle "EXT 2011"]
[Source "ChessBase"]
[SourceDate "2010.11.26"]
[SourceVersion "1"]
[SourceVersionDate "2010.11.26"]
[SourceQuality "1"]

1. e4 e5 2. Nf3 d6 3. Bc4 h6 4. 0-0 Nc6 5. a3 Na5 6. Ba2 Bg4 7. d3 Nf6 8. Nc3 Nc6 9. h3 Bh5 10. Re1 Nd4 11. g4 Nxg4 12. hxg4 Bxg4 13. Bxf7+ Kxf7 14. Nxe5+ dxe5 15. Qxg4 Nxc2 16. Qf5+ Kg8 17. Be3 Nxa1 18. Rxa1 Qf6 19. Qxf6 gxf6 20. Nd5 Bd6 21. Nxf6+ Kf7 22. Nh5 Rag8+ 23. Kf1 b6 24. b4 Be7 25. Rc1 Bd6 26. d4 Kg6 27. Ng3 h5 28. Rc6 Kf7 29. dxe5 Bxe5 30. Nf5 h4 31. Nh6+ Kg7 32. Nxg8 Kxg8 33. Re6 Rh5 34. Rh6 Rxh6 35. Bxh6 Kf7 36. Kg2 Bb2 37. a4 Bc3 38. b5 Bf6 39. f4 Kg6 40. Bf8 Kf7 41. Bb4 Ke6 42. Kh3 Kf7 43. Be1 Ke6 44. Bxh4 Bg7 45. Kg4 Kd6 46. Kf5 Kc5 47. e5 Kb4 48. e6 Bf8 49. e7 Bxe7 50. Bxe7+ Kxa4 51. Ke6 Kxb5 52. f5 c5 53. f6 1-0

[Event "Scarborough CC Fall Swiss U1700"]
[Site "Toronto"]
[Date "2008.11.13"]
[Round "3"]
[White "Dattani, Dinesh"]
[Black "Termeer, Ted"]
[Result "1-0"]
[WhiteElo "1315"]
[BlackElo "1426"]
[PlyCount "87"]
[EventDate "2008.10.30"]
[EventType "swiss"]
[EventRounds "8"]
[EventCountry "CAN"]
[SourceTitle "EXT 2011"]
[Source "ChessBase"]
[SourceDate "2010.11.26"]
[SourceVersion "1"]
[SourceVersionDate "2010.11.26"]
[SourceQuality "1"]

1. d4 d5 2. c4 e6 3. Nc3 Bb4 4. Qc2 c6 5. Nf3 Nd7 6. e3 Ngf6 7. Be2 Ne4 8. 0-0 Nxc3 9. bxc3 Be7 10. cxd5 cxd5 11. c4 Nf6 12. c5 0-0 13. Bd2 Ne4 14. Be1 f5 15. Ne5 Bf6 16. c6 Bxe5 17. cxb7 Bxb7 18. dxe5 Qe7 19. Rb1 Rfc8 20. Qb2 Rab8 21. Bb4 Qd7 22. f3 Nc5 23. Rfc1 Na4 24. Qa3 Rxc1+ 25. Rxc1 Bc6 26. Bd1 h6 27. Bd6 Rb7 28. Bxa4 Bxa4 29. Qc3 Kh7 30. Qc8 Qxc8 31. Rxc8 a6 32. Ra8 Bb5 33. a4 Bc4 34. Re8 f4 35. exf4 d4 36. Bc5 d3 37. Be3 Rb2 38. Rd8 Bd5 39. f5 d2 40. Bxd2 Rxd2 41. fxe6 Rd1+ 42. Kf2 Bb3 43. e7 Bxa4 44. Rxd1 1-0

[Event "Toronto-ch Seniors"]
[Site "Toronto"]
[Date "2008.11.04"]
[Round "4"]
[White "Termeer, Ted"]
[Black "Armstrong, Robert J"]
[Result "1/2-1/2"]
[WhiteElo "1426"]
[BlackElo "1804"]
[PlyCount "84"]
[EventDate "2008.10.14"]
[EventType "swiss"]
[EventRounds "7"]
[EventCountry "CAN"]
[SourceTitle "EXT 2011"]
[Source "ChessBase"]
[SourceDate "2010.11.26"]
[SourceVersion "1"]
[SourceVersionDate "2010.11.26"]
[SourceQuality "1"]

1. Nf3 g6 2. d4 Bg7 3. c3 Nf6 4. Bf4 0-0 5. h3 d6 6. Nbd2 Nbd7 7. e4 Nh5 8. Bh2 e5 9. d5 h6 10. Bd3 Qe8 11. Nb3 a5 12. a4 f5 13. Qc2 Nf4 14. Bxf4 exf4 15. 0-0 Ne5 16. Nxe5 Bxe5 17. f3 Qe7 18. Rae1 Qg5 19. Kh1 fxe4 20. Bxe4 Bf5 21. Bxf5 Rxf5 22. c4 Qf6 23. Rb1 g5 24. Nd2 Rf8 25. Ne4 Qg7 26. b3 Bd4 27. Rfd1 h5 28. Nf2 b6 29. Re1 Be3 30. Nd1 Bd4 31. Nf2 Re5 32. Rxe5 Bxe5 33. Re1 Rf6 34. Qd3 Qd7 35. Ne4 Rg6 36. Nc5 Qf7 37. Ne6 g4 38. Qe4 gxh3 39. gxh3 Kh8 40. Rg1 Rxg1+ 41. Kxg1 Qg8+ 42. Kf1 Qg3 1/2-1/2

[Event "Scarborough CC Fall Swiss U1700"]
[Site "Toronto"]
[Date "2007.12.13"]
[Round "7"]
[White "Xia, Linda"]
[Black "Termeer, Ted"]
[Result "1/2-1/2"]
[WhiteElo "1329"]
[BlackElo "1514"]
[PlyCount "64"]
[EventDate "2007.11.01"]
[EventType "swiss"]
[EventRounds "8"]
[EventCountry "CAN"]
[SourceTitle "EXT 2022"]
[Source "ChessBase"]
[SourceDate "2021.10.06"]
[SourceVersion "1"]
[SourceVersionDate "2021.10.06"]
[SourceQuality "1"]

1. d4 Nf6 2. Bg5 e6 3. e4 Be7 4. Bxf6 Bxf6 5. Nf3 0-0 6. Bd3 d6 7. 0-0 c5 8. dxc5 dxc5 9. Nc3 Bxc3 10. bxc3 b6 11. c4 Nc6 12. Re1 Bb7 13. Qd2 Nd4 14. Qf4 Nxf3+ 15. Qxf3 Qd4 16. Qe3 Rad8 17. a4 Qxe3 18. Rxe3 Rd4 19. a5 Ra8 20. f3 f6 21. Kf2 e5 22. Ke2 Kf7 23. Kd2 Bc6 24. g3 g6 25. Kc3 h6 26. h4 h5 27. Ree1 Kg7 28. axb6 axb6 29. Rxa8 Bxa8 30. Ra1 Rd8 31. Ra7+ Kh6 32. Rf7 Rd6 1/2-1/2

[Event "Toronto Howard Ridout Swiss U1700"]
[Site "Toronto"]
[Date "2007.09.20"]
[Round "2"]
[White "Gillis, Doug"]
[Black "Termeer, Ted"]
[Result "0-1"]
[WhiteElo "1632"]
[BlackElo "1482"]
[PlyCount "47"]
[EventDate "2007.09.13"]
[EventType "swiss"]
[EventRounds "7"]
[EventCountry "CAN"]
[SourceTitle "EXT 2022"]
[Source "ChessBase"]
[SourceDate "2021.10.06"]
[SourceVersion "1"]
[SourceVersionDate "2021.10.06"]
[SourceQuality "1"]

1. e4 e5 2. Nf3 d6 3. d4 exd4 4. Qxd4 Nc6 5. Bb5 Bd7 6. Bxc6 Bxc6 7. Nc3 h6 8. 0-0 Ne7 9. Re1 Ng6 10. b3 f6 11. Bb2 Be7 12. Rad1 0-0 13. Qc4+ Kh8 14. Nd4 Bd7 15. Nd5 c6 16. Ne3 Ne5 17. Qe2 g6 18. f4 Nf7 19. Qc4 Qc8 20. f5 Ne5 21. Qe2 g5 22. Qh5 Kh7 23. Ng4 Nxg4 24. Qxg4 0-1

[Event "Scarborough CC Early Summer Swiss"]
[Site "Toronto"]
[Date "2007.05.31"]
[Round "4"]
[White "Paterson, Jim"]
[Black "Termeer, Ted"]
[Result "1-0"]
[WhiteElo "1897"]
[BlackElo "1384"]
[PlyCount "147"]
[EventDate "2007.05.10"]
[EventType "swiss"]
[EventRounds "8"]
[EventCountry "CAN"]
[SourceTitle "EXT 2022"]
[Source "ChessBase"]
[SourceDate "2021.10.06"]
[SourceVersion "1"]
[SourceVersionDate "2021.10.06"]
[SourceQuality "1"]

1. d4 Nf6 2. Nf3 d5 3. c4 e6 4. Nc3 Be7 5. Bf4 a6 6. e3 Nh5 7. Bg3 Nxg3 8. hxg3 c6 9. Ne5 Nd7 10. Qf3 Nxe5 11. dxe5 b5 12. cxd5 cxd5 13. Qg4 g6 14. Bd3 Qa5 15. 0-0 Bb7 16. a3 Qb6 17. Qe2 0-0 18. Nd1 Rfc8 19. f4 d4 20. e4 Bf8 21. Nf2 Bg7 22. g4 Rc5 23. Rac1 Rac8 24. Rxc5 Rxc5 25. g5 Qa7 26. Ng4 Qa8 27. Nf6+ Bxf6 28. exf6 Rc7 29. g4 Kh8 30. Kf2 Rd7 31. Rh1 Qe8 32. Rh6 Qg8 33. Qf3 Rc7 34. Qh1 Rd7 35. Ke2 Rc7 36. Kd2 Rd7 37. Qh4 Rc7 38. f5 e5 39. b4 Rc8 40. fxg6 fxg6 41. Qh2 Re8 42. Bc2 Qf7 43. Bb3 Qc7 44. Rh3 Rc8 45. Ke2 Qd7 46. Qxe5 Qxg4+ 47. Rf3 Qxe4+ 48. Qxe4 Bxe4 49. Rf4 d3+ 50. Kd2 Bf5 51. Rd4 Re8 52. Rd6 Re2+ 53. Kc3 Re8 54. Rxa6 Rc8+ 55. Kd2 Re8 56. Rd6 Rf8 57. Rd5 h5 58. Rxb5 h4 59. Bd5 h3 60. Ra5 h2 61. Ra8 Bc8 62. Kxd3 Rd8 63. Ke3 Rxd5 64. Rxc8+ Kh7 65. Rc1 Rxg5 66. Rh1 Rh5 67. Kf4 Kg8 68. Kg3 Kf7 69. Rxh2 Rg5+ 70. Kf4 Rf5+ 71. Ke3 Rxf6 72. Rf2 g5 73. Rxf6+ Kxf6 74. b5 1-0

[Event "Scarborough CC Spring Swiss"]
[Site "Toronto"]
[Date "2007.03.22"]
[Round "2"]
[White "Termeer, Ted"]
[Black "Rutherdale, William"]
[Result "0-1"]
[WhiteElo "1384"]
[BlackElo "1915"]
[PlyCount "70"]
[EventDate "2007.03.15"]
[EventType "swiss"]
[EventRounds "8"]
[EventCountry "CAN"]
[SourceTitle "EXT 2022"]
[Source "ChessBase"]
[SourceDate "2021.10.06"]
[SourceVersion "1"]
[SourceVersionDate "2021.10.06"]
[SourceQuality "1"]

1. Nf3 c5 2. d4 cxd4 3. Nxd4 Nf6 4. Nc3 g6 5. Bf4 Bg7 6. h3 0-0 7. e3 d6 8. Bh2 Nc6 9. Nb3 a6 10. Bd3 b5 11. 0-0 Bb7 12. Rb1 Rc8 13. Be2 Qd7 14. Bf3 Rfd8 15. Nd5 Nxd5 16. Bxd5 Ne5 17. Bxb7 Qxb7 18. c3 Nc4 19. Nd4 Rc5 20. Qc2 Rdc8 21. Rfc1 Rg5 22. g3 Rh5 23. h4 Rcc5 24. Qe2 Qe4 25. Qf3 Qxf3 26. Nxf3 Rhf5 27. Nd4 Rf6 28. g4 h6 29. g5 hxg5 30. hxg5 Rxg5+ 31. Bg3 Nd2 32. Ra1 Nf3+ 33. Nxf3 Rxf3 34. Kf1 Rgxg3 35. Ke2 Rh3 0-1